Bitwy Kampanii Wrześniowej - Statystyki

Ogólne statystyki
  • Ten quiz został rozwiązany 72 razy
  • Średni wynik to 13 z 32
Statystyki odpowiedzi
Data Bitwy Miejsce Województwo II RP % Poprawnych
1-7 Września Westerplatte Pomorskie
97%
1 Września (Poczta) Gdańsk Pomorskie
92%
9-22 Września (rzeka) Bzura II RP
86%
8 Września (Pierwsza Obrona) Warszawa Warszawskie
85%
8-28 Wrzesień Warszawa Warszawskie
85%
11-22 Wrzesień(Obrona) Lwów Lwowskie
76%
7-10 Września (Polskie Termopile) Wizna Białostockie
76%
2-5 Października Kock Lubelskie
69%
1 Września - 2 Października Hel Pomorskie
63%
1-14 Wrzesień Gdynia Pomorskie
59%
4 Września (Wieża Spadochronowa) Katowice Śląskie
53%
1 Września Mokra Kieleckie
53%
20-22 Wrzesień (Obrona) Grodno Białostockie
51%
18-19 Wrzesień (Obrona) Wilno Wileńskie
49%
17-20 Wrzesień (I Bitwa) Tomaszów Lubelski Lubelskie
39%
22-27 Wrzesień (II Bitwa) Tomaszów Lubelski Lubelskie
39%
1-3 Września Mława Warszawskie
36%
8-29 Wrzesień Modlin Warszawskie
36%
1 Września - 4:34 Tczew Pomorskie
29%
6 Września Tomaszów Mazowiecki Łódzkie
22%
1-19 Wrzesień (Gdynia , Kępa) Kępa Oksywska Pomorskie
20%
28-30 Wrzesień Szack Wołyńskie
17%
8-9 Września Iłża Kieleckie
15%
1 Październik Wytyczno Lubelskie
12%
22 Września Łomianki Warszawskie
8%
10-11 Września (obrona) Jarosław Lwowskie
5%
22 Września (Bój) Kodziowce Białostockie
5%
24 Września Husynne Lubelskie
3%
26 Września (Ostatnia szarża Polskiej Kawalerii) Morańce Lwowskie
3%
6 Września Starachowice Kieleckie
3%
13 Wrzesień Mińsk Mazowiecki Warszawskie
2%
13 Wrzesień Krzywcza Lwowskie
0%
Nie znaleziono quizów pasujących do podanych kryteriów
Rozkład punktacji
Procent ludzi z każdym wynikiem
Percentyl według liczby udzielonych odpowiedzi
Twoja historia wyników
Nie rozwiązałeś tego quizu